A Textbook of Botany for Degree Students/ (Record no. 206646)

MARC details
000 -LEADER
fixed length control field 00651nam a22001937a 4500
005 - DATE AND TIME OF LATEST TRANSACTION
control field 20241023153755.0
010 ## - LCCN (DPL NO)
LC control number ENG-142302
020 ## - INTERNATIONAL STANDARD BOOK NUMBER
Terms of availability 1895.00
International Standard Book Number 9788195036035
035 ## - SYSTEM CONTROL NUMBER
System control number EN-125834
037 ## - SOURCE OF ACQUISITION
Source of stock number/acquisition DBAD
082 ## - DEWEY DECIMAL CLASSIFICATION NUMBER
Classification number 580
Edition number 1
100 ## - MAIN ENTRY--PERSONAL NAME
Personal name Deshmukh, Anilkumar M.
245 ## - TITLE STATEMENT
Title A Textbook of Botany for Degree Students/
Statement of responsibility, etc by Anilkumar M. Deshmukh
250 ## - EDITION STATEMENT
Edition statement 1
260 ## - PUBLICATION, DISTRIBUTION, ETC. (IMPRINT)
Place of publication, distribution, etc Jaipur
Name of publisher, distributor, etc Apex Publication
Date of publication, distribution, etc 2021
270 ## - ADDRESS
City Jaipur
Address 118, Chitragupt Nagar First, Imali Phatak Lalkothi, Gandhi Nagar
Postal code 302015
Electronic mail address apexpublicationjpr@gmail.com
Telephone number 7891981213
300 ## - PHYSICAL DESCRIPTION
Extent viii,308p.
Dimensions 24cm(hb)
942 ## - ADDED ENTRY ELEMENTS (KOHA)
Source of classification or shelving scheme Dewey Decimal Classification
Item type English Books
Classification part 580
Call number suffix DES
Edition 1
Holdings
Withdrawn status Lost status Not for loan Collection code Home library Current library Date acquired Source of acquisition Cost, normal purchase price Full call number Barcode Copy number Cost, replacement price Koha item type
      Non-fiction Bawana Bawana 23/10/2024 Delivery of Books Act Division 1895.00 580 DES EN-125834 1 1895.00 English Books

© Delhi Public Library
Hit Counter
free hit counter